| 000 | 01858nam0a2200409 4500 | ||
|---|---|---|---|
| 001 | RU\NLR\bibl\814264 | ||
| 005 | 20260405075702.0 | ||
| 010 |
_a5-9573-0021-7 _bв обл. |
||
| 021 |
_aRU _b2005-9686 _9504 |
||
| 035 | _aRSL-KNO-002574166 | ||
| 035 | _a(NLR Aleph) 000803310 | ||
| 090 |
_a1195013 _c1195013 |
||
| 100 | _a20050228d2005 |||y0rusy50 ca | ||
| 101 | 1 |
_arus _cger |
|
| 102 | _aRU | ||
| 105 | _aa ||||||||| | ||
| 106 | _ar | ||
| 200 | 1 |
_aФитнес для глаз _eкак сохранить хорошее зрение при работе за компьютером _fУши Остермайер-Зитковски |
|
| 210 |
_aСПб. _cВесь _d2005 _gГИПК Лениздат |
||
| 215 |
_a96 с. _cил. _d20 |
||
| 225 | 1 | _aЗдоровье своими руками | |
| 225 | 1 | _aКачественные книги о здоровье | |
| 300 | _aЗагл. и авт. ориг.: Augenfitness am Computer/ Uschi Ostermeier-Sitkowski | ||
| 454 | 0 |
_12001#$aAugenfitness am Computer$fUschi Ostermeier-Sitkowski _1700#1$aOstermeier-Sitkowski$bU.$gUschi$4070 _tAugenfitness am Computer _aOstermeier-Sitkowski, Uschi |
|
| 606 | 1 |
_aЗрение _xГигиена _91414507 _3RU\NLR\auth\66284718 |
|
| 606 | 1 |
_aКомпьютеры _xГигиена труда при работе с ними _92126132 _3RU\NLR\auth\661283323 |
|
| 610 | 0 | _aЗдравоохранение. Медицинские науки -- Офтальмология -- Популярные издания | |
| 686 |
_aР67-5я9 _2rubbk |
||
| 686 | _aР120.43 | ||
| 686 | _aР124.085 | ||
| 700 | 1 |
_4070 _8rus _7ca _aОстермайер-Зитковски _bУ. _gУши _3RU\NLR\auth\7727137 _910174 |
|
| 801 | 0 |
_aRU _bRuMoRKP _c20050228 _grcr |
|
| 801 | 1 |
_aRU _bRuMoRGB _c20050228 |
|
| 801 | 2 |
_aRU _bNLR _c20050630 _gPSBO |
|
| 942 | _cBOOK | ||
| 980 | _aNB | ||